Výber vhodnej metodiky a nástroja na modelovanie procesov vo vybranom podniku bakalárska práca

Uložené v:
Podrobná bibliografia
Hlavný autor: Gomolová, Aneta
Korporativný autor: Fakulta podnikového manažmentu EU. Katedra informačného manažmentu
Ďalší autori: Černý, Matej, 1982-
Médium: Kniha
Jazyk:Slovak
Vydavateľské údaje: Bratislava 2025
Tagy: Pridať tag
Žiadne tagy, Buďte prvý, kto otaguje tento záznam!

MARC

LEADER 00000nbm a2200000 4500
001 0309766
005 20260113142511.2
041 0 |a slo 
044 |a SK 
245 1 0 |a Výber vhodnej metodiky a nástroja na modelovanie procesov vo vybranom podniku  |b bakalárska práca  |c Aneta Gomolová ; školiteľ: Matej Černý 
264 1 |a Bratislava  |c 2025 
300 |a 44 s. 
100 1 |a Gomolová, Aneta 
700 1 |a Černý, Matej, 1982- 
710 2 |a Fakulta podnikového manažmentu EU. Katedra informačného manažmentu